Panduan penanaman rotan

Bibliographic Details
Corporate Author: MALAYSIA
Format: Book
Published: Kuala Lumpur : Jabatan Perhutanan Semenanjung Malaysia , 1992
Subjects:

MARC

LEADER 00000cam a2200000 7i4500
001 0000000457
005 20020717.0
090 0 0 |a JPSM584.5   |b MAL 1992 
110 1 0 |a MALAYSIA 
245 1 0 |a Panduan penanaman rotan 
260 0 0 |a Kuala Lumpur :   |b Jabatan Perhutanan Semenanjung Malaysia ,   |c 1992 
300 |a v, 14 p. :   |b col. ill. ;   |c 30 cm. 
650 0 0 |a Rattan palms 
710 1 1 |a MALAYSIA ,   |c Jabatan Perhutanan Semenanjung Malaysia 
998 |a JPSM 
999 |a 0000000617   |b Monograph   |c Open Shelf   |e Default branch 
999 |a 0000000618   |b Monograph   |c Open Shelf   |e Default branch 
999 |a 0000000619   |b Monograph   |c Open Shelf   |e Default branch 
999 |a 0000000620   |b Monograph   |c Open Shelf   |e Default branch 
999 |a 0000000621   |b Monograph   |c Open Shelf   |e Default branch 
999 |a 0000003587   |b Monograph   |c Open Shelf   |e Default branch 
999 |a 0000003619   |b Monograph   |c Open Shelf   |e Default branch